[Event "Collado Villalba op 40th"]
[Site "Collado Villalba"]
[Date "2023.08.22"]
[Round "1"]
[White "Valero Rodriguez, Miguel"]
[Black "Perez Molero, Jose Ignacio"]
[Result "1-0"]
[WhiteElo "1235"]
[BlackElo "1486"]
[PlyCount "85"]
[EventDate "2023.08.22"]
[EventType "swiss"]
[EventRounds "9"]
[EventCountry "ESP"]
[SourceTitle "EXT 2024"]
[Source "ChessBase"]
[SourceDate "2023.10.10"]
[SourceVersion "1"]
[SourceVersionDate "2023.10.10"]
[SourceQuality "1"]

1. d4 d6 2. Bf4 g6 3. Nf3 Bg7 4. Nc3 Nf6 5. e4 0-0 6. Qd2 e5 7. dxe5 dxe5 8. Qxd8 Rxd8 9. Bxe5 Nxe4 10. Bxg7 Kxg7 11. Nxe4 Re8 12. Nfd2 f5 13. f3 fxe4 14. Nxe4 Bf5 15. Bd3 Nc6 16. Kf2 Ne5 17. Rhd1 Nxd3+ 18. cxd3 b6 19. Rac1 c5 20. Nd6 Red8 21. Nxf5+ gxf5 22. Rc4 Rac8 23. d4 cxd4 24. Rxc8 Rxc8 25. Rxd4 Rc2+ 26. Kg3 Rxb2 27. Rd7+ Kg6 28. Rxa7 b5 29. h4 h6 30. Ra6+ Kg7 31. h5 f4+ 32. Kh3 Rf2 33. Rb6 Rxa2 34. Rxb5 Kf6 35. g3 Ra3 36. gxf4 Rxf3+ 37. Kg4 Rf1 38. Rb6+ Kg7 39. Kf5 Rh1 40. Rb7+ Kg8 41. Kg6 Rg1+ 42. Kxh6 Rg4 43. f5 1-0

[Event "Collado Villalba Grupo Gallinero op 1st"]
[Site "Collado Villalba"]
[Date "2022.08.17"]
[Round "9"]
[White "Valero Rodriguez, Miguel"]
[Black "Dorado Gregorio, Javier"]
[Result "0-1"]
[WhiteElo "1208"]
[BlackElo "1411"]
[PlyCount "78"]
[EventDate "2022.08.12"]
[EventType "swiss"]
[EventRounds "9"]
[EventCountry "ESP"]
[SourceTitle "CBM 210 Extra"]
[Source "ChessBase"]
[SourceDate "2022.11.30"]
[SourceVersion "1"]
[SourceVersionDate "2022.11.30"]
[SourceQuality "1"]

1. d4 d5 2. Bf4 e6 3. Nf3 c5 4. e3 Nc6 5. c3 Bd7 6. Bd3 Qb6 7. Qb3 c4 8. Qxb6 axb6 9. Bc2 b5 10. Nbd2 b4 11. 0-0 Nf6 12. e4 dxe4 13. Nxe4 Nxe4 14. Bxe4 bxc3 15. bxc3 Ba3 16. Rab1 f5 17. Bc2 Be7 18. Rxb7 Rxa2 19. Bb1 Ra7 20. Rxa7 Nxa7 21. Ne5 Nb5 22. Nxd7 Kxd7 23. Bd2 Ra8 24. d5 g6 25. dxe6+ Kxe6 26. Bc2 Ra2 27. Rc1 Kf6 28. Be3 Ba3 29. Rb1 Rxc2 30. Rxb5 Bc1 31. Bd4+ Kg5 32. g3 Bd2 33. g4 Kf4 34. gxf5 Kf3 35. Rb1 gxf5 36. h4 Bxc3 37. Bc5 Bd2 38. h5 Ra2 39. Rb6 Ra1+ 0-1